Introduction to insurance
Enregistré dans:
| Auteur principal: | |
|---|---|
| Format: | Livre |
| Langue: | anglais |
| Publié: |
New York
Insurance Institute of America
1949
|
| Sujets: | |
| Tags: |
Pas de tags, Soyez le premier à ajouter un tag!
|
MARC
| LEADER | 00000nam a2200000 4500 | ||
|---|---|---|---|
| 001 | c124685 | ||
| 005 | 20221123135415.9 | ||
| 041 | 0 | |a eng | |
| 044 | |a US | ||
| 245 | 1 | 0 | |a Introduction to insurance |c Laurence E. Falls |
| 264 | 1 | |a New York |b Insurance Institute of America |c 1949 | |
| 300 | |a 94 s. | ||
| 610 | 2 | 0 | |a poistenie |
| 610 | 2 | 0 | |a riziko poistné |
| 610 | 2 | 0 | |a poisťovníctvo |
| 610 | 2 | 0 | |a zmluvy poistné |
| 610 | 2 | 0 | |a poistenie majetku |
| 610 | 2 | 0 | |a poistenie životné |
| 610 | 2 | 0 | |a poistenie zdravotné |
| 610 | 2 | 0 | |a poistenie dôchodkové |
| 610 | 2 | 0 | |a vláda |
| 610 | 2 | 0 | |a druhy poistenia |
| 610 | 2 | 0 | |a poistka |
| 100 | 1 | |a Falls, Laurence E. | |